Recital de piano : a cargo del arquitecto de esta Corporación Jordi Querol Piera a cargo del arquitecto de esta Corporación Jordi Querol Piera
Descripción Física:
1 díptic ; 19 cm
Otros Autores:
Querol Piera, Jordi
MARC
| LEADER | 00000nam a2200000Ia 4500 | ||
|---|---|---|---|
| 001 | 22603 | ||
| 008 | 160829s1977 xx 000 0 cat d | ||
| 080 | |a FU-10-25 | ||
| 245 | |a Recital de piano : |b a cargo del arquitecto de esta Corporación Jordi Querol Piera | ||
| 260 | |a Barcelona : |b Diputación Provincial de Barcelona, Hogares Ana G. de Mundet, |c 1977 | ||
| 300 | |a 1 díptic ; |c 19 cm | ||
| 590 | |a Programa del recital celebrat el dia 1 de maig de 1977 a Barcelona | ||
| 650 | |a Piano, Música per a |9 44578 | ||
| 650 | |a Concerts (Execució musical) |9 44579 | ||
| 700 | |a Querol Piera, Jordi |9 44580 | ||
| 710 | |a Llars Mundet |9 3004 | ||
| 710 | 1 | |a Barcelona (Catalunya : Província). |b Diputació |9 52408 | |
| 901 | |a Arxiu | ||
| 942 | |n 1 | ||
| 952 | |0 0 |1 0 |4 0 |6 FU1025 |7 1 |9 52014 |a Arxiu |b Arxiu |d 2016-12-01 |l 0 |o FU-10-25 |p 22603 |r 2016-12-01 00:00:00 |w 2016-12-01 |y ARXIU | ||
| 999 | |c 55862 |d 55862 | ||